| 000 | 01028cas a22002295 4500 | ||
|---|---|---|---|
| 001 | L152468 | ||
| 008 | 110310c2011 xxuqr ws s 0 a0eng u | ||
| 035 | _a(Sirsi) u152468 | ||
| 041 | 0 | _aeng | |
| 050 | _a333.33 $2 18 | ||
| 110 | 2 |
_aNational Association of Realtors _9895 |
|
| 245 | 0 | 0 |
_aCommercial Real Estate Outlook _h[electronic resource] |
| 260 |
_aWashington _bNAR _c 2011- |
||
| 362 | 0 | _aCurrent quarterly issue only | |
| 490 | 0 |
_aCommercial Real Estate Outlook _vFebruary 2011- |
|
| 520 | _aProvides a survey of the US commercial real estate sector on a quarterly basis. Presents an economic overview and forecast; a commercial forecast including metro vacancy rates; SIOR Commercial Real Estate Index, and investment trends at a glance. | ||
| 554 | _aFour per year | ||
| 651 | 4 |
_aUnited States _y1959- |
|
| 690 | _aPROPERTY-COMMERCIAL PROPERTY-COMMERCIAL PROPERTY MARKET | ||
| 856 | 4 | 0 |
_uhttps://www.realtor.org/research/research/commercialhome _zView the survey free of charge at www.realtor.org |
| 942 | _n0 | ||
| 999 |
_c119310 _d119310 |
||